LDR 01039naa#a2200181#i#450# 001 RU\FGKOU VO SPBU MVD ROSSII\bibl\124875 005 20260704225509.6 011 ## _a2227-7226 100 ## _a20260630b2026####ek#y0rusy0150####ca 102 ## _aRU 200 1# _a«Война полов» как информационная угроза для самосохранения и самовоспроизводства многонационального народа Российской Федерации _eЖурнальная статья 210 1# _aСанкт-Петербург _cСАНКТ-ПЕТЕРБУРГСКИЙ УНИВЕРСИТЕТ МИНИСТЕРСТВА ВНУТРЕННИХ ДЕЛ РОССИЙСКОЙ ФЕДЕРАЦИИ _d2026 215 ## _a6 с. 608 ## _aЖурнальная статья _2local 675 ## _aАдминистративное право. 342.9 _z 700 #1 _aМелихов _gАлександр Иванович 700 #1 _aКапитанец _gЮлия Владимировна 856 4# _arussianjournaldeviantbehavior.ru _u